Linear Algebra: and its applications (Record no. 5877)

MARC details
000 -LEADER
fixed length control field 00522nam a22002057a 4500
003 - CONTROL NUMBER IDENTIFIER
control field OSt
005 - DATE AND TIME OF LATEST TRANSACTION
control field 20211124113010.0
008 - FIXED-LENGTH DATA ELEMENTS--GENERAL INFORMATION
fixed length control field 171122b xxu||||| |||| 00| 0 eng d
020 ## - INTERNATIONAL STANDARD BOOK NUMBER
International Standard Book Number 0321314859
040 ## - CATALOGING SOURCE
Transcribing agency DDC
082 ## - DEWEY DECIMAL CLASSIFICATION NUMBER
Classification number 512.5 LAY 2004
100 ## - MAIN ENTRY--PERSONAL NAME
Personal name Lay, David C.
9 (RLIN) 6217
245 ## - TITLE STATEMENT
Title Linear Algebra: and its applications
250 ## - EDITION STATEMENT
Edition statement 3rd ed.
260 ## - PUBLICATION, DISTRIBUTION, ETC. (IMPRINT)
Place of publication, distribution, etc. Boston; Pearson, 2004
300 ## - PHYSICAL DESCRIPTION
Extent 576p; col.ill: 25cm
504 ## - BIBLIOGRAPHY, ETC. NOTE
Bibliography, etc Appendix, & index included
650 ## - SUBJECT ADDED ENTRY--TOPICAL TERM
Topical term or geographic name as entry element Linear Algebra
9 (RLIN) 3634
942 ## - ADDED ENTRY ELEMENTS (KOHA)
Source of classification or shelving scheme Other/Generic Classification Scheme
Koha item type Book Bank
Holdings
Withdrawn status Lost status Source of classification or shelving scheme Damaged status Not for loan Home library Current library Date acquired Source of acquisition Inventory number Total Checkouts Full call number Barcode Date last seen Date last checked out Koha item type
    Dewey Decimal Classification     MUST Main Library MUST Main Library 22/11/2017 Purchase 07/29098 1 512.5 LAY 2006 2017-0884 31/05/2021 03/05/2021 Open Shelf
    Dewey Decimal Classification     MUST Main Library MUST Main Library 10/05/2021 Purchase 10/32099 1 512.5 LAY 2004 2021-0502 25/05/2021 10/05/2021 Open Shelf
    Dewey Decimal Classification     MUST Main Library MUST Main Library 24/11/2021 Purchase 07/29130   512.5 LAY 2004 2021-1874 24/11/2021   Open Shelf